| 000 | 00446nam a22001697a 4500 | ||
|---|---|---|---|
| 003 | CEME | ||
| 005 | 20210628205139.0 | ||
| 008 | 210226b xxu||||| |||| 00| 0 eng d | ||
| 040 | _c. | ||
| 082 | _a621.3848 CON'D | ||
| 100 |
_aConstant, James _974171 |
||
| 245 | _aIntrosduction to defence radar systems engineerings | ||
| 260 |
_aNEWYORK _bSPARTAN BOOKS _c1972 |
||
| 300 | _aXVIII, 322P | ||
| 650 |
_a ACC NO-30785 _974172 |
||
| 942 |
_cBK _2ddc |
||
| 999 |
_c579730 _d579730 |
||